[Event "Veyangoda Queenstar op"]
[Site "Veyangoda"]
[Date "2023.04.18"]
[Round "4"]
[White "Kulasekara, Kashapa DMT"]
[Black "Gnanaseelan, Jude Dorison"]
[Result "1/2-1/2"]
[WhiteElo "1819"]
[BlackElo "1459"]
[PlyCount "104"]
[EventDate "2023.04.16"]
[EventType "swiss"]
[EventRounds "9"]
[EventCountry "SRI"]
[SourceTitle "EXT 2024"]
[Source "ChessBase"]
[SourceDate "2023.10.10"]
[SourceVersion "1"]
[SourceVersionDate "2023.10.10"]
[SourceQuality "1"]

1. e4 c5 2. Nf3 d6 3. d4 cxd4 4. Nxd4 Nf6 5. Nc3 a6 6. Be3 g6 7. f3 b5 8. Qd2 Bb7 9. 0-0-0 e5 10. Nb3 Nbd7 11. a3 Rc8 12. g4 Nc5 13. Nxc5 dxc5 14. Qf2 Qa5 15. g5 b4 16. Nb1 Nh5 17. Bh3 Rc7 18. axb4 Qxb4 19. Bd2 Qa4 20. Bc3 Bg7 21. Qd2 0-0 22. Ba5 Bc8 23. Bxc7 Bxh3 24. Qc3 Nf4 25. Rhe1 Ne6 26. Bxe5 Bxe5 27. Qxe5 Nd4 28. Qxc5 Nxf3 29. Qa3 Qxa3 30. Nxa3 Nxe1 31. Rxe1 Rc8 32. Re3 Be6 33. c3 Rc5 34. e5 h6 35. h4 hxg5 36. hxg5 Kf8 37. Nc2 Ra5 38. b4 Ra4 39. Kb1 Bf5 40. Re2 a5 41. Kb2 axb4 42. Nxb4 Be6 43. Rd2 Ra5 44. Re2 Ke8 45. Nc2 Kd7 46. Nd4 Ra2+ 47. Kb1 Rxe2 48. Nxe2 Kc6 49. Nf4 Kc5 50. Kc2 Bf5+ 51. Kd2 Kc4 52. Ke3 Be6 1/2-1/2

[Event "Mumbai Wealth op 5th"]
[Site "Mumbai"]
[Date "2020.01.01"]
[Round "3"]
[White "Aaryan, Varshney"]
[Black "Kulasekara, Kashapa DMT"]
[Result "1/2-1/2"]
[WhiteElo "2269"]
[BlackElo "1904"]
[PlyCount "110"]
[EventDate "2019.12.30"]
[EventType "swiss"]
[EventRounds "9"]
[EventCountry "IND"]
[SourceTitle "CBM 194 Extra"]
[Source "ChessBase"]
[SourceDate "2020.03.31"]
[SourceVersion "1"]
[SourceVersionDate "2020.03.31"]
[SourceQuality "1"]

1. d4 Nf6 2. c4 e6 3. Nf3 d5 4. Nc3 Be7 5. Bg5 Nbd7 6. e3 0-0 7. Rc1 c6 8. Bd3 dxc4 9. Bxc4 b5 10. Bd3 a6 11. 0-0 c5 12. Ne4 c4 13. Bb1 Bb7 14. Nxf6+ Nxf6 15. Re1 Ne4 16. Bxe7 Qxe7 17. Qc2 g6 18. Ne5 f6 19. Nf3 Qd6 20. Nd2 Nxd2 21. Qxd2 Rad8 22. Rcd1 Rd7 23. f4 Rfd8 24. Qf2 Kg7 25. h4 Qb6 26. h5 gxh5 27. Qh4 Qc6 28. Re2 Qd5 29. e4 Qc6 30. Re3 e5 31. Rg3+ Kh8 32. fxe5 fxe5 33. d5 Qb6+ 34. Kh2 Rf8 35. Qxh5 Qd6 36. Re1 Rdf7 37. Ree3 Bc8 38. Ref3 Rxf3 39. gxf3 Bd7 40. Bc2 Qf6 41. Kg2 Rg8 42. Qh2 Rf8 43. Qg1 Qf4 44. Qc5 Rf6 45. Qa7 Qd2+ 46. Qf2 Qf4 47. Bd1 Rh6 48. Be2 Qd2 49. Kg1 Qxb2 50. Qg2 Qd4+ 51. Kf1 Qa1+ 52. Kf2 Qd4+ 53. Kf1 Qa1+ 54. Kf2 Qd4+ 55. Kf1 Qa1+ 1/2-1/2

[Event "SRI-ch"]
[Site "Colombo"]
[Date "2014.03.15"]
[Round "1"]
[White "Kulasekara, Kashapa DMT"]
[Black "Weerawardane, Romesh"]
[Result "1/2-1/2"]
[WhiteElo "1929"]
[BlackElo "2125"]
[PlyCount "64"]
[EventDate "2014.03.15"]
[EventType "tourn"]
[EventRounds "13"]
[EventCountry "SRI"]
[SourceTitle "EXT 2016"]
[Source "ChessBase"]
[SourceDate "2015.10.08"]
[SourceVersion "1"]
[SourceVersionDate "2015.10.08"]
[SourceQuality "1"]

1. e4 e5 2. Nf3 Nc6 3. Bb5 a6 4. Ba4 Nf6 5. 0-0 Be7 6. Re1 b5 7. Bb3 0-0 8. d4 exd4 9. e5 Ne8 10. Nxd4 Nxd4 11. Qxd4 Bb7 12. c3 d5 13. Qg4 Bc8 14. Qh5 Be6 15. Nd2 Qd7 16. Bc2 g6 17. Qh6 Ng7 18. Nf3 Bf5 19. Bxf5 Nxf5 20. Qh3 f6 21. Bf4 c6 22. Re2 Rad8 23. Rae1 c5 24. exf6 Bxf6 25. Ng5 Bxg5 26. Bxg5 Rde8 27. Re7 h5 28. Kf1 Rxe7 29. Bxe7 Re8 30. Bxc5 Rxe1+ 31. Kxe1 Qe6+ 32. Kd2 Qe4 1/2-1/2

[Event "SRI-ch"]
[Site "Colombo"]
[Date "2013.10.07"]
[Round "13"]
[White "Kulasekara, Kashapa DMT"]
[Black "Kavinda, Akila"]
[Result "0-1"]
[WhiteElo "1905"]
[BlackElo "2014"]
[PlyCount "46"]
[EventDate "2013.09.27"]
[EventType "tourn"]
[EventRounds "13"]
[EventCountry "SRI"]
[SourceTitle "CBM 156 Extra"]
[Source "ChessBase"]
[SourceDate "2013.10.22"]
[SourceVersion "1"]
[SourceVersionDate "2013.10.22"]
[SourceQuality "1"]

1. e4 c5 2. Nf3 d6 3. d4 cxd4 4. Nxd4 Nf6 5. Nc3 a6 6. f3 e5 7. Nb3 Be6 8. Be3 h5 9. Qd2 Nbd7 10. 0-0-0 Qc7 11. Kb1 b5 12. Nd5 Bxd5 13. exd5 g6 14. Be2 Bg7 15. Qa5 Qxa5 16. Nxa5 0-0 17. c4 bxc4 18. Bxc4 Rfe8 19. Rhe1 e4 20. Bf4 Bf8 21. b4 Ne5 22. fxe4 Nxc4 23. Nxc4 Rxe4 0-1

[Event "SRI-ch"]
[Site "Colombo"]
[Date "2013.10.06"]
[Round "11"]
[White "Kulasekara, Kashapa DMT"]
[Black "Priyankara, Chamil Y"]
[Result "0-1"]
[WhiteElo "1905"]
[BlackElo "1977"]
[PlyCount "106"]
[EventDate "2013.09.27"]
[EventType "tourn"]
[EventRounds "13"]
[EventCountry "SRI"]
[SourceTitle "CBM 156 Extra"]
[Source "ChessBase"]
[SourceDate "2013.10.22"]
[SourceVersion "1"]
[SourceVersionDate "2013.10.22"]
[SourceQuality "1"]

1. e4 c5 2. Nf3 e6 3. d4 cxd4 4. Nxd4 Nc6 5. Be3 Nf6 6. Nxc6 bxc6 7. Bd3 d5 8. e5 Nd7 9. f4 Bc5 10. Bxc5 Nxc5 11. b4 Nxd3+ 12. Qxd3 Qb6 13. c3 a5 14. a3 Ba6 15. Qd4 Qb5 16. Ra2 0-0 17. Rf2 axb4 18. axb4 c5 19. Qxc5 Qxc5 20. bxc5 Rfc8 21. Ra2 Rxc5 22. Kf2 Bb7 23. Rxa8+ Bxa8 24. Rd1 h6 25. Rd4 Bc6 26. Ke3 Ra5 27. g4 Ra1 28. Rb4 g5 29. fxg5 hxg5 30. Nd2 Ra3 31. Kd3 Ba4 32. Nf3 Bd1 33. Nxg5 Ra2 34. Rb8+ Kg7 35. h3 Rf2 36. Ke3 Re2+ 37. Kf4 Rf2+ 38. Kg3 Rc2 39. Rb7 Rxc3+ 40. Kh4 Rc6 41. Rxf7+ Kg8 42. Rd7 Bb3 43. Nh7 Rc3 44. Nf6+ Kf8 45. g5 Bc2 46. Nxd5 exd5 47. Rxd5 Bb1 48. g6 Bxg6 49. Kg4 Bf7 50. Rd6 Ke7 51. Ra6 Be6+ 52. Kf4 Bd7 53. Ra7 Rxh3 0-1

[Event "SRI-ch"]
[Site "Colombo"]
[Date "2013.10.04"]
[Round "8"]
[White "Peiris, TSS"]
[Black "Kulasekara, Kashapa DMT"]
[Result "1-0"]
[WhiteElo "2022"]
[BlackElo "1905"]
[PlyCount "73"]
[EventDate "2013.09.27"]
[EventType "tourn"]
[EventRounds "13"]
[EventCountry "SRI"]
[SourceTitle "CBM 156 Extra"]
[Source "ChessBase"]
[SourceDate "2013.10.22"]
[SourceVersion "1"]
[SourceVersionDate "2013.10.22"]
[SourceQuality "1"]

1. e4 c5 2. c3 d5 3. exd5 Qxd5 4. d4 Nf6 5. Nf3 e6 6. Na3 a6 7. Nc4 Nbd7 8. Be3 cxd4 9. Bxd4 b5 10. Nce5 Nxe5 11. Bxe5 Bc5 12. Qxd5 Nxd5 13. Bxg7 Rg8 14. Bd4 Bxd4 15. Nxd4 Bb7 16. f3 Rd8 17. Kf2 b4 18. c4 Nf4 19. Nb3 Rg5 20. h4 Rf5 21. Be2 Ke7 22. Rhd1 Rg8 23. Bf1 a5 24. Rd2 a4 25. Nd4 Rc5 26. Nc2 Ng6 27. Rad1 Kf6 28. Rd4 Bc8 29. Nxb4 e5 30. Rd5 Rxd5 31. Nxd5+ Ke6 32. g3 Bb7 33. Bh3+ f5 34. h5 Ne7 35. Nxe7 Kxe7 36. Bxf5 Rf8 37. g4 1-0

[Event "Asia-ch U16"]
[Site "Hikkaduwa"]
[Date "2012.06.26"]
[Round "1.7"]
[White "Sahoo, Utkal Ranjan"]
[Black "Kulasekara, Kashapa DMT"]
[Result "1-0"]
[WhiteElo "2218"]
[BlackElo "1900"]
[PlyCount "91"]
[EventDate "2012.06.26"]
[EventType "swiss"]
[EventRounds "9"]
[EventCountry "SRI"]
[SourceTitle "EXT 2024"]
[Source "ChessBase"]
[SourceDate "2023.10.10"]
[SourceVersion "1"]
[SourceVersionDate "2023.10.10"]
[SourceQuality "1"]

1. e4 c5 2. Nf3 d6 3. d4 cxd4 4. Nxd4 Nf6 5. Nc3 a6 6. f4 Nbd7 7. Be2 Qc7 8. Bf3 e5 9. Nf5 b5 10. Ne3 Nb6 11. Ncd5 Nbxd5 12. Nxd5 Nxd5 13. Qxd5 Bb7 14. Qd3 Rc8 15. c3 Qc4 16. Ke2 Be7 17. Bd2 exf4 18. Qxc4 Rxc4 19. b3 Rc7 20. Bxf4 Rxc3 21. Rhd1 0-0 22. Bxd6 Bxd6 23. Rxd6 Re8 24. Kd2 Rec8 25. Rd1 f5 26. e5 Bxf3 27. gxf3 Rxf3 28. Rxa6 Rf2+ 29. Ke3 Rxh2 30. e6 Rh4 31. Rd7 Re8 32. Kf3 h5 33. Rd5 Re4 34. Rxf5 R4xe6 35. Rxe6 Rxe6 36. Rxb5 Rh6 37. Kg3 h4+ 38. Kh3 g6 39. a4 Kf7 40. a5 Rh8 41. a6 Ra8 42. Rb6 g5 43. b4 Ke7 44. b5 Kd7 45. Rb7+ Kc8 46. Rg7 1-0